[Event "Locri Province-ch"]
[Site "Locri"]
[Date "2009.02.21"]
[Round "2"]
[White "Barbera, Giuseppe"]
[Black "Tricomi, Massimo"]
[Result "0-1"]
[WhiteElo "1510"]
[BlackElo "1874"]
[PlyCount "88"]
[EventDate "2009.02.20"]
[EventType "swiss"]
[EventRounds "5"]
[EventCountry "ITA"]
[SourceTitle "EXT 2011"]
[Source "ChessBase"]
[SourceDate "2010.11.26"]
[SourceVersion "1"]
[SourceVersionDate "2010.11.26"]
[SourceQuality "1"]

1. e4 d5 2. e5 Bf5 3. d4 e6 4. Nf3 c5 5. c3 Nc6 6. Bb5 a6 7. Ba4 b5 8. Bc2 Bxc2 9. Qxc2 cxd4 10. cxd4 Rc8 11. Qd1 Bb4+ 12. Bd2 Bxd2+ 13. Nbxd2 Nge7 14. a3 Nf5 15. Nb3 0-0 16. 0-0 a5 17. Rc1 Qe7 18. Nc5 Nh4 19. g3 Nxf3+ 20. Qxf3 Nxd4 21. Qe3 Nf5 22. Qc3 d4 23. Qc2 Rfd8 24. b4 d3 25. Qd2 axb4 26. axb4 Rd5 27. Rc3 Rcd8 28. Kg2 Rxe5 29. Rxd3 Red5 30. Rxd5 Rxd5 31. Qa2 Qe8 32. Qa6 Rd6 33. Qb7 Qc6+ 34. Kg1 Qxb7 35. Nxb7 Rd4 36. Rc1 Kf8 37. Rb1 Ne7 38. Ra1 Nc6 39. Na5 Nxb4 40. Rb1 Ke8 41. Kf1 Kd7 42. Ke2 Nd5 43. Rb3 b4 44. Nc4 Rxc4 0-1